[Event "DFMMLV 2019"]
[Site "Braunfels"]
[Date "2019.06.21"]
[Round "2.12"]
[White "Lukas, Anne"]
[Black "Nagel, Verena"]
[Result "0-1"]
[WhiteElo "1842"]
[BlackElo "2029"]
[Annotator "NA RC"]
[PlyCount "72"]
[EventDate "2019.06.20"]
[EventType "team-tourn"]
[EventCountry "GER"]
[SourceTitle "playchess.com"]
[Source "ChessBase"]
[SourceQuality "1"]
[WhiteTeam "Hessen 1"]
[BlackTeam "Sachsen"]
[TimeControl "40/5400+30:1800+30"]

1. d4 {[%emt 0:00:00]} d5 {[%emt 0:00:00]} 2. Nd2 {[%emt 0:00:00]} g6 {[%emt 0:00:05]} 3. Ngf3 {[%emt 0:00:00]} Bg7 {[%emt 0:00:07]} 4. e3 {[%emt 0:00:00]} e6 {[%emt 0:00:29]} 5. Bd3 {[%emt 0:00:02]} Ne7 {[%emt 0:00:05]} 6. c3 {[%emt 0:00:09]} Nd7 {[%emt 0:00:21]} 7. e4 {[%emt 0:00:30]} dxe4 {[%emt 0:01:27]} 8. Nxe4 {[%emt 0:00:10]} O-O {[%emt 0:00:22]} 9. Bf4 {[%emt 0:02:49]} Nd5 {[%emt 0:02:55]} 10. Bg5 {[%emt 0:00:35]} f6 {[%emt 0:01:46]} 11. Bh4 {[%emt 0:00:31]} g5 {[%emt 0:00:12]} 12. Bg3 {[%emt 0:00:09]} g4 {[%emt 0:00:10]} 13. Nfd2 {[%emt 0:00:50]} f5 {[%emt 0:00:07]} 14. Qe2 {[%emt 0:06:13]} fxe4 {[%emt 0:05:47]} 15. Nxe4 {[%emt 0:00:07]} Nf4 {[%emt 0:04:12]} 16. Bxf4 {[%emt 0:00:42]} Rxf4 {[%emt 0:00:09]} 17. g3 {[%emt 0:00:22]} Rf3 {[%emt 0:04:06]} 18. Nd2 {[%emt 0:00:21]} Rxd3 {[%emt 0:02:20]} 19. Qxd3 {[%emt 0:00:06]} Qg5 {[%emt 0:02:50]} 20. f4 {[%emt 0:03:55]} gxf3 {[%emt 0:04:29]} 21. Nxf3 {[%emt 0:00:13]} Qf5 {[%emt 0:00:27]} 22. Qe2 {[%emt 0:00:40]} b6 {[%emt 0:02:01]} 23. Rf1 {[%emt 0:02:02]} Nf6 {[%emt 0:07:16]} 24. O-O-O {[%emt 0:10:35]} Bb7 {[%emt 0:04:07]} 25. Nd2 {[%emt 0:01:47]} Qd5 {[%emt 0:01:43]} 26. c4 {[%emt 0:02:50]} Qxd4 {[%emt 0:09:09]} 27. Rf4 {[%emt 0:00:58]} Qd7 {[%emt 0:04:33]} 28. Ne4 {[%emt 0:00:13]} Qe7 {[%emt 0:00:32]} 29. Nxf6+ {[%emt 0:00:18]} Bxf6 {[%emt 0:00:09]} 30. Qg4+ {[%emt 0:00:07]} Bg7 {[%emt 0:00:26]} 31. Rdf1 {[%emt 0:00:39]} Rd8 {[%emt 0:02:22]} 32. Qh5 {[%emt 0:06:59]} Qd7 {[%emt 0:06:53]} 33. R1f2 {[%emt 0:03:44]} Bh6 {[%emt 0:02:56]} 34. Qg4+ {[%emt 0:05:32]} Kh8 {[%emt 0:00:55]} 35. Qe2 {[%emt 0:00:21]} Be4 {[%emt 0:02:00]} 36. b3 {[%emt 0:01:40]} Qd4 {[%emt 0:00:23]} 0-1

[Event "DFMMLV 2019"]
[Site "Braunfels"]
[Date "2019.06.21"]
[Round "2.13"]
[White "Just, Anita"]
[Black "Frank, Michelle Viviane"]
[Result "1-0"]
[WhiteElo "1866"]
[BlackElo "1915"]
[Annotator "NA RC"]
[PlyCount "121"]
[EventDate "2019.06.20"]
[EventType "team-tourn"]
[EventCountry "GER"]
[SourceTitle "playchess.com"]
[Source "ChessBase"]
[SourceQuality "1"]
[WhiteTeam "Sachsen"]
[BlackTeam "Hessen 1"]
[TimeControl "40/5400+30:1800+30"]

1. e4 e6 {[%emt 0:00:02]} 2. d4 {[%emt 0:00:00]} d5 {[%emt 0:00:09]} 3. Nc3 {[%emt 0:00:00]} Nf6 {[%emt 0:00:06]} 4. Bg5 {[%emt 0:00:02]} Be7 {[%emt 0:00:10]} 5. e5 {[%emt 0:00:06]} Nfd7 {[%emt 0:00:05]} 6. Bxe7 {[%emt 0:00:07]} Qxe7 {[%emt 0:00:06]} 7. f4 {[%emt 0:00:17]} a6 {[%emt 0:01:52]} 8. Nf3 {[%emt 0:00:13]} c5 {[%emt 0:00:15]} 9. Qd2 {[%emt 0:00:32]} Nc6 {[%emt 0:00:34]} 10. dxc5 {[%emt 0:01:04]} Qxc5 {[%emt 0:02:10]} 11. O-O-O {[%emt 0:02:52]} b5 {[%emt 0:03:34]} 12. Kb1 {[%emt 0:03:32]} b4 {[%emt 0:01:57]} 13. Na4 {[%emt 0:01:03]} Qa5 {[%emt 0:02:10]} 14. b3 {[%emt 0:00:45]} Nc5 {[%emt 0:01:30]} 15. Nxc5 {[%emt 0:02:46]} Qxc5 {[%emt 0:00:05]} 16. f5 {[%emt 0:03:58]} h6 {[%emt 0:03:38]} 17. h4 {[%emt 0:08:37]} a5 {[%emt 0:13:18]} 18. h5 {[%emt 0:24:25]} exf5 {[%emt 0:08:37]} 19. Qxd5 {[%emt 0:02:18]} Qxd5 {[%emt 0:00:07]} 20. Rxd5 {[%emt 0:00:04]} O-O {[%emt 0:00:09]} 21. Rd6 {[%emt 0:10:29]} Ne7 {[%emt 0:00:50]} 22. Bc4 {[%emt 0:01:03]} f4 {[%emt 0:02:23]} 23. Rd4 {[%emt 0:05:56]} Be6 {[%emt 0:05:27]} 24. Rxf4 {[%emt 0:01:44]} Nd5 {[%emt 0:00:19]} 25. Bxd5 {[%emt 0:01:46]} Bxd5 {[%emt 0:00:05]} 26. Rd4 {[%emt 0:00:30]} Be6 {[%emt 0:00:50]} 27. Rhd1 {[%emt 0:00:28]} Rfc8 {[%emt 0:01:07]} 28. R1d2 {[%emt 0:05:14]} Kh7 {[%emt 0:00:34]} 29. Ne1 {[%emt 0:03:16]} Rc3 {[%emt 0:01:37]} 30. R2d3 {[%emt 0:02:27]} Rc5 {[%emt 0:00:20]} 31. Re3 {[%emt 0:02:44]} Rac8 {[%emt 0:00:14]} 32. g4 {[%emt 0:00:49]} Rb5 {[%emt 0:04:16]} 33. Nd3 {[%emt 0:02:07]} Rc3 {[%emt 0:00:22]} 34. Re2 {[%emt 0:00:54]} Rd5 {[%emt 0:01:07]} 35. Ree4 {[%emt 0:02:59]} Rb5 {[%emt 0:00:47]} 36. Rf4 {[%emt 0:02:04]} Rb7 {[%emt 0:01:56]} 37. Kb2 {[%emt 0:01:46]} Rbc7 {[%emt 0:00:30]} 38. Rf2 {[%emt 0:00:17]} Rc8 {[%emt 0:01:18]} 39. Rg2 {[%emt 0:00:55]} R8c6 {[%emt 0:02:27]} 40. Rf2 {[%emt 0:03:47]} Rc7 {[%emt 0:01:29]} 41. Rg2 {[%emt 0:33:43]} Bc8 {[%emt 0:34:50]} 42. Kb1 {[%emt 0:00:00]} Be6 {[%emt 0:00:00]} 43. Nf4 {[%emt 0:00:00]} Re3 {[%emt 0:00:00]} 44. Re2 {[%emt 0:00:00]} Rg3 {[%emt 0:00:00]} 45. Nxe6 {[%emt 0:00:00]} fxe6 {[%emt 0:00:00]} 46. Kb2 {[%emt 0:00:00]} Rg1 {[%emt 0:00:00]} 47. a3 {[%emt 0:00:00]} bxa3+ {[%emt 0:00:00]} 48. Kxa3 {[%emt 0:00:00]} g6 {[%emt 0:00:00]} 49. Ka4 {[%emt 0:00:00]} gxh5 {[%emt 0:00:00]} 50. gxh5 {[%emt 0:00:00]} Rg5 {[%emt 0:00:00]} 51. Kxa5 {[%emt 0:00:00]} Rc5+ {[%emt 0:00:00]} 52. Kb6 {[%emt 0:00:00]} Rcxe5 {[%emt 0:00:00]} 53. Rd7+ {[%emt 0:00:13]} Kg8 {[%emt 0:00:00]} 54. Rxe5 {[%emt 0:01:00]} Rxe5 {[%emt 0:00:00]} 55. b4 {[%emt 0:00:58]} Rxh5 {[%emt 0:00:00]} 56. b5 {[%emt 0:00:29]} Kf8 {[%emt 0:00:00]} 57. c4 {[%emt 0:00:58]} Ke8 {[%emt 0:00:00]} 58. Rd1 {[%emt 0:00:11]} Rh2 {[%emt 0:00:00]} 59. c5 {[%emt 0:00:19]} Ke7 {[%emt 0:00:00]} 60. c6 {[%emt 0:00:30]} Rh1 61. Rxh1 1-0

[Event "DFMMLV 2019"]
[Site "Braunfels"]
[Date "2019.06.21"]
[Round "2.14"]
[White "Werner, Rosalie"]
[Black "Lowke, Kathrin"]
[Result "0-1"]
[WhiteElo "1610"]
[BlackElo "1887"]
[Annotator "NA RC"]
[PlyCount "84"]
[EventDate "2019.06.20"]
[EventType "team-tourn"]
[EventCountry "GER"]
[SourceTitle "playchess.com"]
[Source "ChessBase"]
[SourceQuality "1"]
[WhiteTeam "Hessen 1"]
[BlackTeam "Sachsen"]
[TimeControl "40/5400+30:1800+30"]

1. e4 {[%emt 0:00:00]} c5 {[%emt 0:00:00]} 2. Nf3 {[%emt 0:00:00]} Nc6 {[%emt 0:00:00]} 3. d4 {[%emt 0:00:00]} cxd4 {[%emt 0:00:00]} 4. Nxd4 {[%emt 0:00:00]} g6 {[%emt 0:00:00]} 5. c4 {[%emt 0:00:00]} Bg7 {[%emt 0:00:43]} 6. Be3 {[%emt 0:00:03]} Nf6 {[%emt 0:01:54]} 7. Nc3 {[%emt 0:00:32]} O-O {[%emt 0:05:36]} 8. Be2 {[%emt 0:00:31]} d6 {[%emt 0:02:21]} 9. f3 {[%emt 0:02:46]} Nxd4 {[%emt 0:10:32]} 10. Bxd4 {[%emt 0:00:11]} Be6 {[%emt 0:00:12]} 11. Qd2 {[%emt 0:01:02]} Qa5 {[%emt 0:01:32]} 12. O-O {[%emt 0:02:16]} Rfc8 {[%emt 0:01:10]} 13. b3 {[%emt 0:11:06]} a6 {[%emt 0:11:04]} 14. a4 {[%emt 0:01:24]} Rc6 {[%emt 0:13:03]} 15. Rfc1 {[%emt 0:04:07]} Rac8 {[%emt 0:01:45]} 16. Qb2 {[%emt 0:06:38]} Qg5 {[%emt 0:06:15]} 17. a5 {[%emt 0:07:45]} h5 {[%emt 0:09:24]} 18. Na4 {[%emt 0:16:34]} h4 {[%emt 0:04:45]} 19. Nb6 {[%emt 0:07:28]} Re8 {[%emt 0:02:14]} 20. Kh1 {[%emt 0:11:13]} Bh6 {[%emt 0:07:34]} 21. Rd1 {[%emt 0:04:54]} Nh5 {[%emt 0:00:25]} 22. Ra2 {[%emt 0:04:58]} Nf4 {[%emt 0:00:48]} 23. Bf1 {[%emt 0:00:31]} Qh5 {[%emt 0:00:32]} 24. Qf2 {[%emt 0:00:45]} g5 {[%emt 0:00:56]} 25. g3 {[%emt 0:01:29]} hxg3 {[%emt 0:00:51]} 26. Qxg3 {[%emt 0:00:12]} f6 {[%emt 0:00:22]} 27. Nd5 {[%emt 0:01:03]} Kf7 {[%emt 0:00:52]} 28. Nxf4 {[%emt 0:03:33]} gxf4 {[%emt 0:00:03]} 29. Qf2 {[%emt 0:00:15]} Rg8 {[%emt 0:00:15]} 30. Be2 {[%emt 0:00:34]} Rcc8 {[%emt 0:00:26]} 31. Raa1 {[%emt 0:00:52]} Rg6 {[%emt 0:00:42]} 32. Bc3 {[%emt 0:00:38]} Rh8 {[%emt 0:01:14]} 33. Rg1 {[%emt 0:00:56]} Bg5 {[%emt 0:00:08]} 34. Bd3 {[%emt 0:00:43]} Rgh6 {[%emt 0:04:49]} 35. Ra2 {[%emt 0:00:28]} Bh3 {[%emt 0:00:47]} 36. Bf1 {[%emt 0:07:30]} Bxf1 {[%emt 0:00:32]} 37. Rxf1 {[%emt 0:00:13]} Bh4 {[%emt 0:00:14]} 38. Qe2 {[%emt 0:00:44]} Bg3 {[%emt 0:00:10]} 39. Rf2 {[%emt 0:02:59]} Bxf2 {[%emt 0:00:30]} 40. Qxf2 {[%emt 0:00:09]} Rg6 {[%emt 0:00:24]} 41. Ra1 {[%emt 0:31:05]} Rg3 {[%emt 0:30:24]} 42. Rf1 {[%emt 0:00:00]} Rh3 {[%emt 0:00:00]} 0-1

[Event "DFMMLV 2019"]
[Site "Braunfels"]
[Date "2019.06.21"]
[Round "2.15"]
[White "von Keyserlingk, Chanda"]
[Black "Pralle, Katharina"]
[Result "1-0"]
[WhiteElo "1702"]
[BlackElo "1971"]
[Annotator "NA RC"]
[PlyCount "57"]
[EventDate "2019.06.20"]
[EventType "team-tourn"]
[EventCountry "GER"]
[SourceTitle "playchess.com"]
[Source "ChessBase"]
[SourceQuality "1"]
[WhiteTeam "Sachsen"]
[BlackTeam "Hessen 1"]
[TimeControl "40/5400+30:1800+30"]

1. d4 {[%emt 0:00:00]} d5 {[%emt 0:00:00]} 2. c4 {[%emt 0:00:00]} e6 {[%emt 0:00:00]} 3. Nc3 {[%emt 0:01:00]} Nf6 {[%emt 0:00:17]} 4. cxd5 {[%emt 0:00:41]} exd5 {[%emt 0:00:42]} 5. Bg5 {[%emt 0:00:58]} Be7 {[%emt 0:01:48]} 6. e3 {[%emt 0:01:21]} O-O {[%emt 0:00:56]} 7. Bd3 {[%emt 0:00:49]} c6 {[%emt 0:01:33]} 8. Nge2 {[%emt 0:00:38]} Nbd7 {[%emt 0:02:41]} 9. Qc2 {[%emt 0:02:04]} h6 {[%emt 0:00:53]} 10. Bh4 {[%emt 0:00:40]} Re8 {[%emt 0:02:24]} 11. O-O {[%emt 0:05:33]} Nf8 {[%emt 0:03:47]} 12. Rad1 {[%emt 0:09:17]} g5 {[%emt 0:12:53]} 13. Bg3 {[%emt 0:00:42]} Bd6 {[%emt 0:00:08]} 14. e4 {[%emt 0:03:33]} dxe4 {[%emt 0:03:09]} 15. Nxe4 {[%emt 0:01:59]} Nxe4 {[%emt 0:02:12]} 16. Bxe4 {[%emt 0:02:11]} f5 {[%emt 0:09:42]} 17. Bxd6 {[%emt 0:04:13]} Qxd6 {[%emt 0:00:19]} 18. Bd3 {[%emt 0:00:58]} f4 {[%emt 0:05:08]} 19. Bc4+ {[%emt 0:03:03]} Kg7 {[%emt 0:02:22]} 20. Rfe1 {[%emt 0:07:24]} Qf6 {[%emt 0:01:26]} 21. d5 {[%emt 0:05:42]} f3 {[%emt 0:10:05]} 22. Ng3 {[%emt 0:00:47]} Rxe1+ {[%emt 0:04:41]} 23. Rxe1 {[%emt 0:00:13]} Qg6 {[%emt 0:05:24]} 24. Qc3+ {[%emt 0:01:13]} Kf7 {[%emt 0:02:00]} 25. dxc6+ {[%emt 0:07:34]} Be6 {[%emt 0:00:15]} 26. cxb7 {[%emt 0:01:39]} Rb8 {[%emt 0:00:38]} 27. Qxf3+ {[%emt 0:03:59]} Qf6 {[%emt 0:01:30]} 28. Bxe6+ {[%emt 0:05:30]} Nxe6 {[%emt 0:00:12]} 29. Qc6 1-0

[Event "DFMMLV 2019"]
[Site "Braunfels"]
[Date "2019.06.21"]
[Round "2.16"]
[White "Heymann-Lobzhanidze, Anna-Luise"]
[Black "Gottschall, Ina"]
[Result "1-0"]
[WhiteElo "1950"]
[BlackElo "1637"]
[Annotator "NA RC"]
[PlyCount "57"]
[EventDate "2019.06.20"]
[EventType "team-tourn"]
[EventCountry "GER"]
[SourceTitle "playchess.com"]
[Source "ChessBase"]
[SourceQuality "1"]
[WhiteTeam "Hessen 1"]
[BlackTeam "Sachsen"]
[TimeControl "40/5400+30:1800+30"]

1. e4 {[%emt 0:00:00]} g6 {[%emt 0:00:00]} 2. d4 {[%emt 0:00:00]} Bg7 {[%emt 0:00:00]} 3. Nc3 {[%emt 0:00:23]} d6 {[%emt 0:00:07]} 4. Be3 {[%emt 0:00:19]} Nf6 {[%emt 0:00:43]} 5. f3 {[%emt 0:00:28]} c6 {[%emt 0:01:10]} 6. Qd2 {[%emt 0:00:35]} O-O {[%emt 0:01:19]} 7. O-O-O {[%emt 0:03:13]} b5 {[%emt 0:00:28]} 8. Bh6 {[%emt 0:00:32]} b4 {[%emt 0:06:26]} 9. Nce2 {[%emt 0:00:10]} Qa5 {[%emt 0:05:11]} 10. Kb1 {[%emt 0:00:12]} Be6 {[%emt 0:02:22]} 11. Nc1 {[%emt 0:00:24]} Nbd7 {[%emt 0:20:36]} 12. h4 {[%emt 0:03:49]} Nb6 {[%emt 0:15:39]} 13. g4 {[%emt 0:05:14]} Na4 {[%emt 0:08:05]} 14. Nb3 {[%emt 0:08:43]} Bxb3 {[%emt 0:01:28]} 15. cxb3 {[%emt 0:00:19]} Nc3+ {[%emt 0:03:26]} 16. bxc3 {[%emt 0:00:56]} bxc3 {[%emt 0:00:05]} 17. Qc2 {[%emt 0:02:27]} Bxh6 {[%emt 0:02:00]} 18. g5 {[%emt 0:00:10]} Nd7 {[%emt 0:12:01]} 19. gxh6 {[%emt 0:00:25]} c5 {[%emt 0:03:19]} 20. dxc5 {[%emt 0:05:38]} Nxc5 {[%emt 0:00:31]} 21. Bc4 {[%emt 0:01:33]} Rab8 22. Ne2 {[%emt 0:06:56]} Na4 {[%emt 0:05:01]} 23. Rd5 {[%emt 0:01:06]} Qb4 {[%emt 0:01:13]} 24. Ka1 {[%emt 0:01:05]} Nc5 {[%emt 0:01:55]} 25. Qxc3 {[%emt 0:01:00]} Qxc3+ {[%emt 0:00:11]} 26. Nxc3 {[%emt 0:00:05]} Nd7 {[%emt 0:02:22]} 27. f4 {[%emt 0:02:48]} Rfc8 {[%emt 0:00:45]} 28. Rb5 {[%emt 0:03:16]} Nb6 {[%emt 0:00:57]} 29. Nd5 {[%emt 0:01:07]} 1-0

[Event "DFMMLV 2019"]
[Site "Braunfels"]
[Date "2019.06.21"]
[Round "2.17"]
[White "Khrapko, Marharyta"]
[Black "Zimmer, Elke"]
[Result "1-0"]
[WhiteElo "2074"]
[BlackElo "1926"]
[Annotator "NA RC"]
[PlyCount "89"]
[EventDate "2019.06.20"]
[EventType "team-tourn"]
[EventCountry "GER"]
[SourceTitle "playchess.com"]
[Source "ChessBase"]
[SourceQuality "1"]
[WhiteTeam "Bayern 1"]
[BlackTeam "Saarland"]
[TimeControl "40/5400+30:1800+30"]

1. e4 {[%emt 0:00:00]} e5 {[%emt 0:00:00]} 2. Nf3 {[%emt 0:00:00]} Nc6 {[%emt 0:00:00]} 3. Bb5 {[%emt 0:00:00]} Bc5 {[%emt 0:02:40]} 4. O-O {[%emt 0:02:17]} d6 {[%emt 0:00:19]} 5. c3 {[%emt 0:02:11]} Bd7 {[%emt 0:03:07]} 6. d4 {[%emt 0:01:29]} exd4 {[%emt 0:01:00]} 7. cxd4 {[%emt 0:00:06]} Bb4 {[%emt 0:00:13]} 8. Bg5 {[%emt 0:12:49]} f6 {[%emt 0:01:26]} 9. Be3 {[%emt 0:12:50]} Ba5 {[%emt 0:09:44]} 10. Nh4 {[%emt 0:12:12]} g6 {[%emt 0:10:05]} 11. f4 {[%emt 0:01:26]} f5 {[%emt 0:00:42]} 12. g3 {[%emt 0:09:27]} Qe7 {[%emt 0:04:16]} 13. Nc3 {[%emt 0:16:25]} Nf6 {[%emt 0:12:22]} 14. d5 {[%emt 0:15:24]} Nb8 {[%emt 0:26:37]} 15. e5 {[%emt 0:02:57]} Bxb5 {[%emt 0:03:13]} 16. Nxb5 {[%emt 0:00:02]} O-O {[%emt 0:01:15]} 17. Qb3 {[%emt 0:04:37]} Ne4 {[%emt 0:04:37]} 18. Nf3 {[%emt 0:01:07]} Nd7 {[%emt 0:00:39]} 19. Rac1 {[%emt 0:00:53]} Rfc8 {[%emt 0:01:29]} 20. a3 {[%emt 0:00:30]} Ndc5 {[%emt 0:01:58]} 21. Qc4 {[%emt 0:00:26]} a6 {[%emt 0:00:18]} 22. Nbd4 {[%emt 0:00:16]} b5 {[%emt 0:00:24]} 23. Qa2 {[%emt 0:00:20]} Bb6 {[%emt 0:00:19]} 24. Nc6 {[%emt 0:02:09]} Qe8 {[%emt 0:00:16]} 25. Nfd4 {[%emt 0:01:51]} Nd3 {[%emt 0:01:12]} 26. Rcd1 {[%emt 0:00:13]} Ndc5 {[%emt 0:01:16]} 27. Rfe1 {[%emt 0:00:22]} Kg7 {[%emt 0:00:12]} 28. Qa1 {[%emt 0:00:20]} Qf7 {[%emt 0:01:38]} 29. b3 {[%emt 0:01:09]} Kh6 {[%emt 0:00:15]} 30. e6 {[%emt 0:00:33]} Qf6 {[%emt 0:00:35]} 31. Kg2 {[%emt 0:00:25]} Re8 {[%emt 0:01:10]} 32. Bc1 {[%emt 0:00:10]} Nxe6 {[%emt 0:00:42]} 33. dxe6 {[%emt 0:00:18]} Bxd4 {[%emt 0:01:31]} 34. Rxd4 {[%emt 0:01:10]} Qxe6 {[%emt 0:00:11]} 35. Qb2 {[%emt 0:00:33]} a5 {[%emt 0:00:16]} 36. Rdd1 {[%emt 0:00:30]} Ra6 {[%emt 0:02:36]} 37. Nd4 {[%emt 0:00:11]} Qf6 {[%emt 0:00:01]} 38. Nxb5 {[%emt 0:00:48]} Qxb2+ {[%emt 0:00:39]} 39. Bxb2 {[%emt 0:00:01]} Rc6 {[%emt 0:00:07]} 40. Rc1 {[%emt 0:00:45]} Rb6 {[%emt 0:00:13]} 41. a4 {[%emt 0:30:46]} c6 {[%emt 0:30:09]} 42. Nd4 {[%emt 0:00:00]} c5 {[%emt 0:00:00]} 43. Nb5 {[%emt 0:00:00]} Re7 {[%emt 0:00:00]} 44. h3 {[%emt 0:00:00]} g5 {[%emt 0:00:00]} 45. Bf6 {[%emt 0:00:00]} 1-0

[Event "DFMMLV 2019"]
[Site "Braunfels"]
[Date "2019.06.21"]
[Round "2.18"]
[White "Noll, Sonja"]
[Black "Siegl, Melina"]
[Result "1/2-1/2"]
[WhiteElo "1777"]
[BlackElo "2029"]
[Annotator "NA RC"]
[PlyCount "45"]
[EventDate "2019.06.20"]
[EventType "team-tourn"]
[EventCountry "GER"]
[SourceTitle "playchess.com"]
[Source "ChessBase"]
[SourceQuality "1"]
[WhiteTeam "Saarland"]
[BlackTeam "Bayern 1"]
[TimeControl "40/5400+30:1800+30"]

1. e4 {[%emt 0:00:00]} c5 {[%emt 0:00:08]} 2. Nf3 {[%emt 0:00:12]} e6 {[%emt 0:01:03]} 3. d4 {[%emt 0:01:20]} cxd4 {[%emt 0:00:05]} 4. Nxd4 {[%emt 0:00:20]} Nf6 {[%emt 0:00:08]} 5. Bd3 {[%emt 0:02:31]} a6 {[%emt 0:00:52]} 6. O-O {[%emt 0:04:53]} Qc7 {[%emt 0:00:57]} 7. f4 {[%emt 0:02:14]} d6 {[%emt 0:01:59]} 8. Nf3 {[%emt 0:04:24]} Nbd7 {[%emt 0:02:17]} 9. c4 {[%emt 0:04:57]} Nc5 {[%emt 0:05:49]} 10. Nc3 {[%emt 0:00:30]} Nxd3 {[%emt 0:02:00]} 11. Qxd3 {[%emt 0:00:04]} Be7 {[%emt 0:08:32]} 12. b3 {[%emt 0:00:09]} Nd7 {[%emt 0:03:37]} 13. Bb2 {[%emt 0:06:30]} O-O {[%emt 0:05:30]} 14. Rad1 {[%emt 0:12:20]} b6 {[%emt 0:01:25]} 15. Na4 {[%emt 0:10:53]} Nc5 {[%emt 0:10:31]} 16. Nxc5 {[%emt 0:02:42]} dxc5 {[%emt 0:00:28]} 17. Ne5 {[%emt 0:06:12]} Rd8 {[%emt 0:07:16]} 18. Qg3 {[%emt 0:02:05]} Bf6 {[%emt 0:00:43]} 19. Rxd8+ {[%emt 0:01:15]} Bxd8 {[%emt 0:03:01]} 20. Ng4 {[%emt 0:06:54]} Kh8 {[%emt 0:08:07]} 21. Rd1 {[%emt 0:03:38]} f6 {[%emt 0:01:26]} 22. Qh4 {[%emt 0:06:05]} Bb7 {[%emt 0:06:35]} 23. Qh5 {[%emt 0:11:07]} 1/2-1/2

[Event "DFMMLV 2019"]
[Site "Braunfels"]
[Date "2019.06.21"]
[Round "2.19"]
[White "Stangl, Anita"]
[Black "Ramm, Madlen"]
[Result "1-0"]
[WhiteElo "2010"]
[BlackElo "1733"]
[Annotator "NA RC"]
[PlyCount "107"]
[EventDate "2019.06.20"]
[EventType "team-tourn"]
[EventCountry "GER"]
[SourceTitle "playchess.com"]
[Source "ChessBase"]
[SourceQuality "1"]
[WhiteTeam "Bayern 1"]
[BlackTeam "Saarland"]
[TimeControl "40/5400+30:1800+30"]

1. e4 {[%emt 0:00:00]} d5 {[%emt 0:00:00]} 2. exd5 {[%emt 0:00:35]} Qxd5 {[%emt 0:00:04]} 3. Nf3 {[%emt 0:00:11]} Nf6 {[%emt 0:01:08]} 4. Nc3 {[%emt 0:00:34]} Qa5 {[%emt 0:01:44]} 5. Be2 {[%emt 0:09:55]} c6 {[%emt 0:00:37]} 6. O-O {[%emt 0:00:46]} Bf5 {[%emt 0:03:30]} 7. d4 {[%emt 0:03:42]} e6 {[%emt 0:01:20]} 8. a3 {[%emt 0:04:20] B01: Scandinavian Defence} (8. Re1 Bb4 9. Bd2 Nbd7 10. a3 Bxc3 11. Bxc3 Qc7 12. b3 O-O 13. Bb2 Rad8 14. Qc1 h6 15. h3 Rfe8 16. c4 {1-0 (49) Gashimov,V (2740)-Nakamura,H (2710) Mainz 2009}) 8... Bd6 {[%emt 0:01:06]} 9. h3 {[%emt 0:08:15]} O-O {[%emt 0:05:06]} 10. Bd2 $146 {[%emt 0:05:18]} ({Predecessor:} 10. Nh4 Bg6 11. Nxg6 hxg6 12. Be3 Nbd7 13. b4 Qc7 14. Bf3 Nb6 15. Qe2 Bh2+ {1-0 (49) Apanaviciute,K (1962)-Semonaviciute,A (1738) Vilnius 2014}) 10... Qc7 {[%emt 0:02:13]} 11. Nh4 {[%emt 0:01:41]} Bg6 {[%emt 0:00:50]} 12. Nxg6 {[%emt 0:05:11]} hxg6 {[%emt 0:00:07]} 13. Bd3 {[%emt 0:03:31]} Nbd7 {[%emt 0:01:03]} 14. Qf3 {[%emt 0:07:53]} Nb6 {[%emt 0:02:39]} 15. Bg5 {[%emt 0:03:33]} Nbd5 {[%emt 0:02:29]} 16. Ne2 {[%emt 0:03:05]} Nh7 {[%emt 0:03:20]} 17. Bd2 {[%emt 0:00:53]} Rac8 {[%emt 0:05:50]} 18. c4 {[%emt 0:02:47]} Ndf6 {[%emt 0:00:17]} 19. Rfe1 {[%emt 0:12:40]} Rfd8 {[%emt 0:01:24]} 20. b4 {[%emt 0:02:50]} Be7 {[%emt 0:07:19]} 21. Bf4 {[%emt 0:02:49]} Bd6 {[%emt 0:04:28]} 22. Be3 {[%emt 0:02:54]} Be7 {[%emt 0:05:47]} 23. g4 {[%emt 0:01:29]} Nd7 {[%emt 0:07:57]} 24. Qg2 {[%emt 0:03:15]} Nb6 {[%emt 0:01:03]} 25. Bf4 {[%emt 0:00:59]} Qd7 {[%emt 0:02:30]} 26. Rad1 {[%emt 0:01:44]} Bf6 {[%emt 0:02:31]} 27. Be3 {[%emt 0:00:20]} Na4 {[%emt 0:01:40]} 28. Rd2 {[%emt 0:00:39]} Nb6 {[%emt 0:00:31]} 29. f4 {[%emt 0:00:36]} Re8 {[%emt 0:02:15]} 30. g5 {[%emt 0:00:47]} Bd8 {[%emt 0:01:41]} 31. h4 Bc7 {[%emt 0:01:02]} 32. Qe4 {[%emt 0:00:38]} Nf8 33. Qf3 {[%emt 0:01:41]} Rcd8 {[%emt 0:01:49]} 34. Ng3 {[%emt 0:00:31]} Nc8 {[%emt 0:02:17]} 35. h5 {[%emt 0:00:35]} Nd6 {[%emt 0:00:25]} 36. hxg6 {[%emt 0:03:06]} fxg6 {[%emt 0:02:16]} 37. c5 {[%emt 0:04:40]} Nf5 {[%emt 0:01:57]} 38. Nxf5 {[%emt 0:00:05]} gxf5 {[%emt 0:00:49]} 39. Qh3 {[%emt 0:00:49]} g6 {[%emt 0:00:40]} 40. Bc4 {[%emt 0:00:45]} Qh7 {[%emt 0:00:52]} 41. Qg3 {[%emt 0:30:20]} Kf7 {[%emt 0:41:08]} 42. b5 {[%emt 0:00:00]} Nd7 {[%emt 0:00:00]} 43. Rh2 {[%emt 0:00:00]} Qg7 {[%emt 0:00:00]} 44. bxc6 {[%emt 0:00:00]} bxc6 {[%emt 0:00:00]} 45. Qf3 {[%emt 0:00:00]} Nb8 {[%emt 0:00:00]} 46. Rd1 {[%emt 0:00:00]} Rh8 {[%emt 0:00:00]} 47. Rxh8 {[%emt 0:00:00]} Qxh8 {[%emt 0:00:00]} 48. Kg2 {[%emt 0:00:00]} Qh5 {[%emt 0:00:00]} 49. Rb1 $18 {[%emt 0:00:00]} Qxf3+ {[%emt 0:00:00]} 50. Kxf3 {[%emt 0:00:00]} Rd7 {[%emt 0:00:58]} 51. Rh1 {[%emt 0:00:00]} Kg7 {[%emt 0:02:44]} 52. Bxe6 {[%emt 0:00:00]} Re7 {[%emt 0:00:59]} 53. d5 {[%emt 0:00:00]} cxd5 {[%emt 0:00:45]} 54. Bd4+ {[%emt 0:00:00]} 1-0